Zostavovanie výročnej správy firmy

V súlade s legislatívnou úpravou sú firmy povinné zverejňovať informácie o ich činnosti vo výročných správach. Obsah výročnej správy pre akcionára a verejnosť. Správa audítorov akcionárom firmy. Hodnotnie údajov výročnej správy. Výkaz ziskov a strát. Rozdiely medzi rozborom hospodárenia a výročnou s...

Descrizione completa

Salvato in:
Dettagli Bibliografici
Autore principale: Janok, Michal
Natura: Capitolo di libro
Lingua:slovacco
Soggetti:
Tags: Aggiungi Tag
Nessun Tag, puoi essere il primo ad aggiungerne!!

MARC

LEADER 00000naa a2200000 4500
001 r020246
005 20221205101541.0
041 0 |a slo 
044 |a SK 
245 1 0 |a Zostavovanie výročnej správy firmy  |c Michal Janok 
520 |a V súlade s legislatívnou úpravou sú firmy povinné zverejňovať informácie o ich činnosti vo výročných správach. Obsah výročnej správy pre akcionára a verejnosť. Správa audítorov akcionárom firmy. Hodnotnie údajov výročnej správy. Výkaz ziskov a strát. Rozdiely medzi rozborom hospodárenia a výročnou správou. Účtovné výkazy firmy sú východiskové výkazy pri zostavovaní výročnej správy firmy. 
610 2 0 |a správy výročné 
610 2 0 |a firmy 
610 2 0 |a Slovensko 
610 2 0 |a legislatíva 
610 2 0 |a akcionári 
610 2 0 |a audítori 
610 2 0 |a audítorstvo 
610 2 0 |a výkazy účtovné 
610 2 0 |a rozbory činnosti hospodárskej 
100 1 |a Janok, Michal